QUALITATIVE ANALYSIS FOR PLANNING AND POLICY (Record no. 588926)

000 -LEADER
fixed length control field 00325nam a22001337a 4500
020 ## - INTERNATIONAL STANDARD BOOK NUMBER
Qualifying information PB.
040 ## - CATALOGING SOURCE
Transcribing agency FIZZA ISHAQ
082 ## - DEWEY DECIMAL CLASSIFICATION NUMBER
Classification number 307.1216
Author Mark JOH
100 ## - MAIN ENTRY--PERSONAL NAME
Personal name GABER,JOHN.
9 (RLIN) 25001
245 ## - TITLE STATEMENT
Title QUALITATIVE ANALYSIS FOR PLANNING AND POLICY
Statement of responsibility, etc. JOHN GABER.
260 ## - PUBLICATION, DISTRIBUTION, ETC.
Place of publication, distribution, etc. 307.1216
Date of publication, distribution, etc. 2010.
300 ## - PHYSICAL DESCRIPTION
Extent 200 P. ;
942 ## - ADDED ENTRY ELEMENTS (KOHA)
Source of classification or shelving scheme
Koha item type Book
Holdings
Withdrawn status Lost status Source of classification or shelving scheme Damaged status Not for loan Permanent Location Current Location Date acquired Total Checkouts Full call number Barcode Date last seen Price effective from Koha item type
          NUST Baluchistan Campus (NBC) NUST Baluchistan Campus (NBC) 03/28/2022   307.1216 JOH Q-3146 03/28/2022 03/28/2022 Book
© 2023 Central Library, National University of Sciences and Technology. All Rights Reserved.